03937nab a2200265 i 4500003000900000005001700009008004100026040001800067072000800085100004100093100003300134100003900167100003100206100003400237245008900271500007600360520274400436650001503180650002503195650001703220773032803237856007903565942000803644999001903652BR-BrBNA20250217140530.0250217b2021 bl.qr|pooa||| 00| 0 por | aBR-BrBNAbpor aF02 aFreitas, Teresa Aparecida Soares de  aLopes, Emile Caroline Silva  aAraujo, Jamille Ferreira Graham de aSantos, Lucas Barbosa dos  aMendonça, Andrea Vita Reis  aProdução de mudas de Senegalia bahiensis Benth. em diferentes volumes de tubetes aPublicação on-line; 28 ref.; 5 tables; 4 illus.; Summaries (En, Pt) a RESUMO Com o objetivo de definir qual o melhor volume de tubete e o tempo de permanência das mudas de Senegalia bahiensis em viveiro, foram instalados dois experimentos em delineamento inteiramente casualizado. No primeiro experimento, as mudas foram produzidas em três volumes de tubetes (55, 180 e 280 cm³), constituindo os tratamentos, quatro repetições e 49 mudas por repetição. No segundo experimento, foi realizada uma simulação de campo utilizando duas mudas por repetição, totalizando 24 mudas. As variáveis analisadas foram: altura, diâmetro, massa seca da parte aérea e do sistema radicular, número de folhas, incremento médio diário em altura e incremento médio diário em diâmetro. As mudas produzidas no recipiente de menor volume (55cm³) obtiveram as menores médias para todas as variáveis analisadas, tanto na fase de produção de mudas, como na simulação de campo. Em função dos resultados obtidos nos experimentos, conclui-se que para a espécie Senegalia bahiensis, por sua produção de mudas apresentar qualidade semelhante quando foram utilizados tubetes de 180 e 280 cm³, recomenda-se o uso do tubete de 180 cm³, o qual, além de apresentar redução do ciclo de produção em no mínimo 33 dias, reduz o uso de insumos, nas condições em que os experimentos foram conduzidos. Palavras-chave: Espinheiro-branco; Recipientes; Ciclo de produção ABSTRACT Along with the objective define which best volume of tubes and length of stay of seedlings Senegalia bahiensis in the nursery, two experiments in Completely Randomized Designwere installed. In the first experiment, the seedlings were produced in three volumes of tubes (tubetes) (55, 180 and 280 cm³), constituting the treatments, four replications and 49 seedlings per repetition. In the second experiment a field simulation was performed using two seedlings per replication, totaling 24 seedlings. The variables analyzed were: height, diameter, shoot dry weight, dry weight of roots, number of leaves, average daily increment in height and average daily increase in diameter. The seedlings produced in lower volume container (55cm³) had the lowest means for all variables in the seedling stage and in the field of simulation. Based on the results obtained in the experiments, it is concluded that for the Senegalia bahiensis species, once its seedling production has similar quality when using tubes of 180 and 280 cm³, it is recommended to use the 180 cm³ tube, which, besides reducing the production cycle by at least 33 days, reduces the use of inputs, in the conditions under which the experiments were conducted. Keywords: Espinheiro-branco; Containers; Production cycle  aESPINHEIRO aRECIPIENTE DE PLANTA aPRODUÇÃO0 040659348518dSanta Maria-RS Universidade Federal de Santa Maria - Centro de Pesquisas Florestais.Departamento de Ciências Florestais. Programa de Pós-Graduação em Engenharia Florestal 1991o2025-1011tCiência Florestal (Brazil)x0103-9954; 1980-5098 (on-line)gv. 31(3) p. 1105-1123; (Jul-Sep 2021)wBR2023001879 uhttps://www.scielo.br/j/cflo/a/HqbHn3XXYfyLVrS7dxrZ5Jg/?format=pdf&lang=pt cANA c330010d330010